01312nam a2200265 a 450000100060000000300090000600800410001502000150005604000280007108200130009924500270011226000320013930000110017150502430018259000470042565000160047265000310048865000280051965000240054794200120057199900170058395201480060095201490074895201490089719790CO-ViMGA141112s2004 ck r 000 u spa d a8480555491 aCO-ViMGAbspacCO-ViMGA04a630 T32410aTecnico en agricultura aMadrid : bCultural, c2002 a3 Vol. aTomo 1 : Agrotecnología Metodos de manejo integrado de plagas y enfermedades Instalaciones agrarias Producción vegetal Cultivos horticolas Cultivos de cereales y plantaciones intensivas Tomo 3 : cultivos fruticolas Explotacion agraria aForma de adquisición : Premio Mincultura14aAGRICULTURA14aDESARROLLO AGRICOLA92555614aMECANICA AGRICOLA9631814aTECNOLOGIA AGRICOLA 2ddccBK c28922d28922 00102ddc40708002aMEVIECARbMEVIECARd2015-12-04hVolumen. 1 | 11/jun/2009l0o630 T324 p19790r2015-12-04 00:00:00tEj. 1w2015-12-04yBK 00102ddc40708002aMEVIECARbMEVIECARd2015-12-04hVolumen. 2 | 11/jun/2009l0o630 T324 p019790r2017-04-06 00:00:00tEj. 1w2015-12-04yBK 00102ddc40708002aMEVIECARbMEVIECARd2015-12-04hVolumen. 3 | 11/jun/2009l0o630 T324 p019791r2017-04-06 00:00:00tEj. 1w2015-12-04yBK